Films Directed by Women - Sudden Death - Statistics

General Stats
  • This quiz has been taken 51 times
  • The average score is 6 of 15
Answers on the Grid
Answers color-coded by a green-red scale on the quiz's grid according to % correct below.
🇰🇷 "The Handmaiden" (2016) | Thriller
⭐ Kim Min-hee, Kim Tae-ri, etc.
"American Psycho" (2000) | Thriller
⭐ Christian Bale, Justin Theroux, etc.
🇸🇪 "The Girl with the Dragon Tattoo" (2009) | Thriller
⭐ Noomi Rapace, Michael Nyqvist, etc.
🇮🇹 "Life Is Beautiful" (1997) | Drama
⭐ Roberto Benigni, Nicoletta Braschi, etc.
"The Matrix" (1999) | Sci-Fi
⭐ Keanu Reeves, Laurence Fishburne, etc.
"Lost in Translation" (2003) | Romance
⭐ Bill Murray, Scarlett Johansson, etc.
"The Devil Wears Prada" (2006) | Comedy
⭐ Meryl Streep, Anne Hathaway, etc.
🇧🇪 "I, You, He, She" (1974) | Drama
⭐Chantal Akerman, Niels Arestrup, etc.
"Mean Girls (2004) | Comedy
⭐ Lindsay Lohan, Rachel McAdams, etc.
"The Babadook" (2014) | Horror
⭐ Essie Davis, Noah Wiseman, etc.
🇧🇷 "City of God" (2002) | Drama
⭐ Alexandre Rodrigues, Leandro Firmino, etc.
"Monster" (2003) | Drama
⭐ Charlize Theron, Christina Ricci, etc.
🇫🇷 "Amélie" (2001) | Comedy
⭐ Audrey Tautou, Mathieu Kassovitz, etc.
🇫🇷 "Portrait of a Lady on Fire" (2019) | Drama
⭐ Noémie Merlant, Adèle Haenel, etc.
"Punisher: War Zone" (2008) | Action
⭐ Ray Stevenson, Dominic West, etc.
🇨🇳 "In the Mood for Love" (2000) | Romance
⭐ Maggie Cheung, Tony Leung, etc.
"The Substance" (2024) | Horror
⭐ Demi Moore, Margaret Qualley, etc.
"Pride & Prejudice" (2005) | Romance
⭐ Keira Knightley, Matthew Macfadyen, etc.
🇫🇷 "Cléo from 5 to 7" (1962) | Drama
⭐ Corinne Marchand, Antoine Bourseiller, etc.
"The Hurt Locker" (2008) | War
⭐ Jeremy Renner, Anthony Mackie, etc.
🇦🇷 "The Secret in Their Eyes" (2009) | Drama
⭐ Ricardo Darín, Soledad Villamil, etc.
🇩🇪 "Wings of Desire" (1987) | Drama
⭐ Bruno Ganz, Solveig Dommartin, etc.
🇫🇷 "Beau Travail" (1999) | Drama
⭐ Denis Lavant, Michel Subor, etc.
"Pet Sematary" (1989) | Horror
⭐ Dale Midkiff, Fred Gwynne, etc.
"10 Things I Hate About You" (1999) | Comedy
⭐ Heath Ledger, Julia Stiles, etc.
🇪🇸 "Pan’s Labyrinth" (2006) | Fantasy
⭐ Ivana Baquero, Maribel Verdú, etc.
"Shrek" (2001) | Adventure
⭐ Mike Myers, Eddie Murphy, etc.
🇫🇷 "Amour" (2012) | Drama
⭐ Emmanuelle Riva, Jean-Louis Trintignant, etc.
"Legally Blonde" (2001) | Comedy
⭐ Reese Witherspoon, Luke Wilson, etc.
🇮🇹 "Suspiria" (1977) | Horror
⭐ Jessica Harper, Stefania Casini, etc.
 
Answer Stats
Answer % Correct
Sofia Coppola
"Lost in Translation" (2003) | Romance
⭐ Bill Murray, Scarlett Johansson, etc.
81%
Mary Harron "American Psycho" (2000) | Thriller
⭐ Christian Bale, Justin Theroux, etc.
73%
Lana Wachowski and Lilly Wachowski
"The Matrix" (1999) | Sci-Fi
⭐ Keanu Reeves, Laurence Fishburne, etc.
59%
Kathryn Bigelow "The Hurt Locker" (2008) | War
⭐ Jeremy Renner, Anthony Mackie, etc.
57%
Coralie Fargeat "The Substance" (2024) | Horror
⭐ Demi Moore, Margaret Qualley, etc.
51%
Céline Sciamma 🇫🇷 "Portrait of a Lady on Fire" (2019) | Drama
⭐ Noémie Merlant, Adèle Haenel, etc.
46%
Patty Jenkins "Monster" (2003) | Drama
⭐ Charlize Theron, Christina Ricci, etc.
43%
Jennifer Kent
"The Babadook" (2014) | Horror
⭐ Essie Davis, Noah Wiseman, etc.
41%
Claire Denis 🇫🇷 "Beau Travail" (1999) | Drama
⭐ Denis Lavant, Michel Subor, etc.
38%
Chantal Akerman
🇧🇪 "I, You, He, She" (1974) | Drama
⭐Chantal Akerman, Niels Arestrup, etc.
38%
Agnès Varda 🇫🇷 "Cléo from 5 to 7" (1962) | Drama
⭐ Corinne Marchand, Antoine Bourseiller, etc.
32%
Mary Lambert "Pet Sematary" (1989) | Horror
⭐ Dale Midkiff, Fred Gwynne, etc.
22%
Lexi Alexander "Punisher: War Zone" (2008) | Action
⭐ Ray Stevenson, Dominic West, etc.
22%
Fernando Meirelles and Kátia Lund
🇧🇷 "City of God" (2002) | Drama
⭐ Alexandre Rodrigues, Leandro Firmino, etc.
14%
Andrew Adamson and Vicky Jenson "Shrek" (2001) | Adventure
⭐ Mike Myers, Eddie Murphy, etc.
11%
No matching quizzes found
Score Distribution
Percent of People with Each Score
Percentile by Number Answered
Your Score History
You have not taken this quiz